Eastern Utah Libraries Catalog: Duchesne, Heber, Roosevelt, & Vernal

The tutor's daughter (Record no. 222113)

MARC details
000 -LEADER
fixed length control field 01586cim a2200421Ka 4500
001 - CONTROL NUMBER
control field 828628609
003 - CONTROL NUMBER IDENTIFIER
control field OCoLC
005 - DATE AND TIME OF LATEST TRANSACTION
control field 20170516145739.0
007 - PHYSICAL DESCRIPTION FIXED FIELD--GENERAL INFORMATION
fixed length control field sd fungnnmmneu
008 - FIXED-LENGTH DATA ELEMENTS--GENERAL INFORMATION
fixed length control field 130227s2013 mdunnn f n eng d
020 ## - INTERNATIONAL STANDARD BOOK NUMBER
International Standard Book Number 9781470341442 :
Terms of availability $123.75
020 ## - INTERNATIONAL STANDARD BOOK NUMBER
International Standard Book Number 1470341441 :
Terms of availability $123.75
028 01 - PUBLISHER NUMBER
Publisher number CK0160
Source Recorded Books
035 ## - SYSTEM CONTROL NUMBER
System control number (OCoLC)828628609
040 ## - CATALOGING SOURCE
Original cataloging agency MDK
Transcribing agency MDK
Modifying agency MDK
-- RECBX
-- OCLCO
Description conventions rda
050 14 - LIBRARY OF CONGRESS CALL NUMBER
Classification number PS3611.L37
Item number T88 2013c
082 04 - DEWEY DECIMAL CLASSIFICATION NUMBER
Classification number 813/.6
Edition number 23
092 ## - LOCALLY ASSIGNED DEWEY CALL NUMBER (OCLC)
Classification number CD
100 1# - MAIN ENTRY--PERSONAL NAME
Personal name Klassen, Julie,
Dates associated with a name 1964-
9 (RLIN) 5675525
245 14 - TITLE STATEMENT
Title The tutor's daughter
Medium [sound recording] /
Statement of responsibility, etc by Julie Klassen.
250 ## - EDITION STATEMENT
Edition statement Unabridged.
260 ## - PUBLICATION, DISTRIBUTION, ETC. (IMPRINT)
Place of publication, distribution, etc Prince Frederick, MD :
Name of publisher, distributor, etc Recorded Books,
Date of publication, distribution, etc p2013.
264 ## - Production, Publication, Distribution, Manufacture, and Copyright Notice.
Place of production, publication, distribution, manufacture New York, New York
Name of producer, publisher, distributor, manufacturer Bethany House Publishers
-- January 1st 2013
300 ## - PHYSICAL DESCRIPTION
Extent 14 sound discs (16.5 hrs.) :
Other physical details digital ;
Dimensions 4 3/4 in.
336 ## - Content Type
Content type term audio
337 ## - Media type
Media type term audio
338 ## - Carrier type
Carrier type term audio
490 1# - SERIES STATEMENT
Series statement Recorded Books inspirational.
500 ## - GENERAL NOTE
General note Compact disc.
500 ## - GENERAL NOTE
General note "With tracks every 3 minutes for easy book marking"--Container cover insert.
511 0# - PARTICIPANT OR PERFORMER NOTE
Participant or performer note Performance by Elizabeth Jasicki.
520 ## - SUMMARY, ETC.
Summary, etc Danger mounts at a baron's remote estate as Emma Smallwood, a clever tutor's daughter, decides which of the baron's four sons to suspect and which to trust with her heart.
650 #0 - SUBJECT ADDED ENTRY--TOPICAL TERM
Topical term or geographic name as entry element Tutors and tutoring
Form subdivision Fiction.
9 (RLIN) 5698436
650 #0 - SUBJECT ADDED ENTRY--TOPICAL TERM
Topical term or geographic name as entry element Man-woman relationships
Form subdivision Fiction.
9 (RLIN) 5674079
651 #0 - SUBJECT ADDED ENTRY--GEOGRAPHIC NAME
Geographic name England
General subdivision Social life and customs
Chronological subdivision 19th century
Form subdivision Fiction.
9 (RLIN) 5675976
655 #7 - INDEX TERM--GENRE/FORM
Genre/form data or focus term Audiobooks.
Source of term lcgft.
9 (RLIN) 5725292
655 #0 - INDEX TERM--GENRE/FORM
Genre/form data or focus term Regency fiction.
9 (RLIN) 102705
655 #7 - INDEX TERM--GENRE/FORM
Genre/form data or focus term Romance fiction.
Source of term lcgft.
9 (RLIN) 5683255
655 #0 - INDEX TERM--GENRE/FORM
Genre/form data or focus term Christian fiction.
9 (RLIN) 102655
655 #7 - INDEX TERM--GENRE/FORM
Genre/form data or focus term Historical fiction.
Source of term lcgft.
9 (RLIN) 102701
710 2# - ADDED ENTRY--CORPORATE NAME
Corporate name or jurisdiction name as entry element Recorded Books, LLC.
9 (RLIN) 5674251
830 #0 - SERIES ADDED ENTRY--UNIFORM TITLE
Uniform title Recorded Books inspirational.
9 (RLIN) 74451
907 ## - LOCAL DATA ELEMENT G, LDG (RLIN)
a .b296779489
942 ## - ADDED ENTRY ELEMENTS (KOHA)
Source of classification or shelving scheme Dewey Decimal Classification
Koha item type Audiobook on CD
Holdings
Withdrawn status Lost status Source of classification or shelving scheme Materials specified (bound volume or other part) Damaged status Not for loan Collection code Home library Current library Shelving location Date acquired Cost, normal purchase price Total Checkouts Full call number Barcode Date last seen Date checked out Cost, replacement price Price effective from Koha item type Public note
    Dewey Decimal Classification .CIRCNOTE. 14 discs     Audiobooks Wasatch County Library Wasatch County Library Second Floor 03/29/2013 123.95 12 CD Kla 34301001146853 03/07/2024 07/29/2019 123.95 03/20/2020 Audiobook on CD .PUBLIC. 14 discs
This project was made possible through a grant from the Institute of Museum and Library Service administered by the Utah State Library Division.

Wasatch County Library

  • 465 East 1200 South, Heber City, Utah 84032
  • Phone 435-654-1511 | Fax 435-654-6456

Hours

  • Monday - Friday 9:30 AM - 8:00 PM
  • Saturday 9:30 AM - 1:30 PM
  • Closed Sundays and Holidays